| 000 | 01087pab a2200181 454500 | ||
|---|---|---|---|
| 008 | 180718b2002 xxu||||| |||| 00| 0 eng d | ||
| 100 | _aRajaraman, R. | ||
| 245 | _aPossession and deployment of nuclear weapons in South Asia: an assessment of some risks | ||
| 260 | _c2002 | ||
| 300 | _ap.2459-466. | ||
| 362 | _a22 Jun | ||
| 520 | _aThis paper examines some of operational requirements and the dangers that come with the possibility that in the foreseable future India and Pakistan may deploy their nuclear arsenals. The authors first describe the analytical basis for the inevitability of accidents in complex high-technology systems. Then they turn to potential failures of nuclear command and control and early warning systems as examples. They go on to discuss the possibility and consequences of accidental explosions involving nuclear weapons and their delivery systems. Finally some measures to reduce these risks are suggested. | ||
| 650 | _aNuclear weapons | ||
| 700 | _aMian, Zia | ||
| 700 | _aRamana, M.V. | ||
| 773 | _aEconomic and Political Weekly | ||
| 909 | _a52861 | ||
| 999 |
_c52861 _d52861 |
||